Σκλάβα του ισλαμικού κράτους
Saved in:
| Main Author: | |
|---|---|
| Other Authors: | |
| Format: | Book |
| Language: | Greek French |
| Published: |
Αθήνα :
Εκδοτικός Οργανισμός Λιβάνη,
c2015.
|
| Series: | Βιογραφίες (Λιβάνη)
|
| Subjects: | |
| Tags: |
Add Tag
No Tags, Be the first to tag this record!
|
MARC
| LEADER | 00000cam a2200000 a 4500 | ||
|---|---|---|---|
| 001 | 1/123591 | ||
| 008 | 210922s2015####gr | ||| |||| ||gre|| | ||
| 020 | |a 9789601429816 | ||
| 040 | |a GR-MyUa |b gre |c GR-MyUa |e AACR2 | ||
| 041 | 1 | |a gre |h fre | |
| 082 | 7 | |a 920 |2 (23) | |
| 100 | 0 | |a Jinan, |d 1996- | |
| 245 | 1 | 0 | |a Σκλάβα του ισλαμικού κράτους / |c Τζινάν ; σε συνεργασία με τον Τιερί Ομπερλέ ; μετάφραση από τα γαλλικά: Κρίστυ Κουνινιώτη. |
| 260 | |a Αθήνα : |b Εκδοτικός Οργανισμός Λιβάνη, |c c2015. | ||
| 300 | |a 237 σ. ; |c 20 εκ. | ||
| 490 | 1 | |a (Βιογραφίες / Λιβάνη) | |
| 500 | |a Τίτλος πρωτοτύπου: Esclave de Daech. | ||
| 650 | 0 | |a Yezidi women |z Iraq |x Biography. | |
| 650 | 0 | |a Terrorism |z Iraq. | |
| 610 | 2 | 0 | |a IS (Organization) |
| 700 | 1 | |a Oberlé, Thierry. | |
| 830 | 0 | |a Βιογραφίες (Λιβάνη) | |
| 970 | |a Κοντού |b Παρασκευή |z 22/09/2021 | ||